000 01138nam a2200289 i 4500
001 bg
100 1 _aNONAKA, Ikujiro
_d(1935- )
245 1 0 _aKreowanie wiedzy w organizacji :
_bjak spółki japońskie dynamizują procesy innowacyjne /
_cIkujiro Nonaka, Hirotaka Takeuchi ; tł. Ewa Nalewajko ; [Polska Fundacja Promocji Kadr].
246 _iTyt. oryg.:
_aThe knowledge-creating company : how Japanese companies create the dynamics of innovation
260 _aWarszawa :
_b"Poltext",
_c2000.
300 _a303 s. ;
_c22 cm.
490 1 _aEuromanagement
500 _aTyt. oryg.: "The knowledge-creating company : how Japanese companies create the dynamics of innovation" 1995.
504 _aBibliogr.
650 9 _aPrzedsiębiorstwo
_xorganizacja
_zJaponia
_yod 1945 r.
650 9 _aZarządzanie
_zJaponia
_yod 1945 r.
700 1 _aTAKEUCHI, Hirotaka
710 0 _aPolska Fundacja Promocji Kadr
830 _aEuromanagement
020 _a8386890991
040 _cBPK
041 1 _apl
_hen
080 _a658.1/.5.012(520)"1945/..."
920 _a83-86890-99-1
942 _cKS
008 s pl f |000 0 pol
999 _c40311
_d40311
856 _uhttp://koha.tu.koszalin.pl/cgi-bin/koha/opac-detail.pl?biblionumber=40311
_yKatalog online BPK